000 00568nam a2200217Ia 4500
003 OSt
005 20220928134804.0
006 a|||||r|||| 00| 0
007 ta
008 220927b |||||||| |||| 00| 0 eng d
024 _a59404
037 _cTextual
040 _aSDCL
_cSDCL
_beng
041 _2eng
_aeng
082 _aR391, N1
100 _aLyotard Jean-Francois
_9488314
245 0 _aPhenomenology.
260 _aNew York
_b State University of New
_c1991
942 _hR391, N1
_cTEXL
_2CC
999 _c803278
_d803278